| 000 | 00724nam a22002297a 4500 | ||
|---|---|---|---|
| 003 | UA-OsUOA | ||
| 001 | 49777 | ||
| 007 | ta | ||
| 008 | 20071011b un ||||| |||| 00| 0 ukr d | ||
| 100 | _aМаслюк В. | ||
| 090 |
_a82 _bМ31 |
||
| 942 | _cBK | ||
| 040 |
_aUA-OsUOA _bukr _cUA-OsUOA _dUA-OsUOA |
||
| 245 | _aЛатиномовні поетики і риторики 17-першої половини 18 століття та їх роль у розвитку теорії літератури на Україні | ||
| 300 | _a231 с. | ||
| 955 | _a1 | ||
| 041 | _aukr | ||
| 080 | _a82 | ||
| 260 |
_aК. _c1983 |
||
| 650 | 7 |
_a82 Література. Літературознавство _2UDC |
|
| 999 |
_c335883 _d335883 |
||